2012 NFL Pro Bowlers - Statistics

General Stats
  • This quiz has been taken 5 times
  • The average score is 4 of 118
Answer Stats
Position/Conference Answer Team % Correct
AFC Quarterback Tom Brady New England Patriots
100%
AFC Quarterback Andrew Luck Indianapolis Colts
50%
NFC Quarterback Eli Manning New York Giants
50%
NFC Defensive Tackle Gerald McCoy Tampa Bay Buccaneers
50%
AFC Running Back Jamaal Charles Kansas City Chiefs
50%
AFC Quarterback Peyton Manning Denver Broncos
50%
AFC Linebacker Von Miller Denver Broncos
50%
NFC Quarterback Aaron Rodgers Green Bay Packers
0%
NFC Running Back Adrian Peterson Minnesota Vikings
0%
AFC Wide Receiver A.J. Green Cincinnati Bengals
0%
NFC Linebacker Aldon Smith San Francisco 49ers
0%
AFC Wide Receiver Andre Johnson Houston Texans
0%
AFC Offensive Tackle Andrew Whitworth Cincinnati Bengals
0%
NFC Linebacker Anthony Spencer Dallas Cowboys
0%
AFC Cornerback Antonio Cromartie New York Jets
0%
AFC Running Back Arian Foster Houston Texans
0%
NFC Kicker Blair Walsh Minnesota Vikings
0%
NFC Wide Receiver Brandon Marshall Chicago Bears
0%
NFC Wide Receiver Calvin Johnson Detroit Lions
0%
AFC Defensive End Cameron Wake Miami Dolphins
0%
NFC Linebacker Chad Greenway Minnesota Vikings
0%
AFC Cornerback Champ Bailey Denver Broncos
0%
NFC Cornerback Charles Tillman Chicago Bears
0%
AFC Center Chris Myers Houston Texans
0%
NFC Offensive Guard Chris Snee New York Giants
0%
AFC Running Back C.J. Spiller Buffalo Bills
0%
NFC Linebacker Clay Matthews Green Bay Packers
0%
NFC Linebacker Daryl Washington Arizona Cardinals
0%
NFC Safety Dashon Goldson San Francisco 49ers
0%
NFC Linebacker DeMarcus Ware Dallas Cowboys
0%
AFC Wide Receiver Demaryius Thomas Denver Broncos
0%
AFC Linebacker Derrick Johnson Kansas City Chiefs
0%
NFC Long Snapper Don Muhlbach Detroit Lions
0%
NFC Safety Donte Whitner San Francisco 49ers
0%
NFC Running Back Doug Martin Tampa Bay Buccaneers
0%
NFC Quarterback Drew Brees New Orleans Saints
0%
AFC Offensive Tackle Duane Brown Houston Texans
0%
AFC Punter Dustin Colquitt Kansas City Chiefs
0%
NFC Safety Earl Thomas Seattle Seahawks
0%
AFC Safety Ed Reed Baltimore Ravens
0%
AFC Defensive End Elvis Dumervil Denver Broncos
0%
AFC Safety Eric Berry Kansas City Chiefs
0%
NFC Running Back Frank Gore San Francisco 49ers
0%
AFC Defensive Tackle Geno Atkins Cincinnati Bengals
0%
AFC Defensive Tackle Haloti Ngata Baltimore Ravens
0%
AFC Tight End Heath Miller Pittsburgh Steelers
0%
NFC Defensive Tackle Henry Melton Chicago Bears
0%
AFC Returner Jacoby Jones Baltimore Ravens
0%
NFC Offensive Guard Jahri Evans New Orleans Saints
0%
AFC Safety Jairus Byrd Buffalo Bills
0%
NFC Defensive End Jared Allen Minnesota Vikings
0%
NFC Defensive End Jason Pierre-Paul New York Giants
0%
NFC Tight End Jason Witten Dallas Cowboys
0%
NFC Center Jeff Saturday Green Bay Packers
0%
AFC Tight End Jermaine Gresham Cincinnati Bengals
0%
NFC Offensive Tackle Jermon Bushrod New Orleans Saints
0%
AFC Linebacker Jerod Mayo New England Patriots
0%
NFC Fullback Jerome Felton Minnesota Vikings
0%
AFC Defensive End J.J. Watt Houston Texans
0%
NFC Offensive Tackle Joe Staley San Francisco 49ers
0%
AFC Offensive Tackle Joe Thomas Cleveland Browns
0%
AFC Cornerback Johnathan Joseph Houston Texans
0%
AFC Long Snapper John Denney Miami Dolphins
0%
AFC Returner Josh Cribbs Cleveland Browns
0%
NFC Offensive Guard Josh Sitton Green Bay Packers
0%
NFC Wide Receiver Julio Jones Atlanta Falcons
0%
NFC Defensive End Julius Peppers Chicago Bears
0%
AFC Linebacker Justin Houston Kansas City Chiefs
0%
NFC Defensive End Justin Smith San Francisco 49ers
0%
NFC Tight End Kyle Rudolph Minnesota Vikings
0%
AFC Defensive Tackle Kyle Williams Buffalo Bills
0%
AFC Safety LaRon Landry New York Jets
0%
NFC Wide Receiver Larry Fitzgerald Arizona Cardinals
0%
NFC Returner Leon Washington Seattle Seahawks
0%
AFC Offensive Guard Logan Mankins New England Patriots
0%
NFC Linebacker London Fletcher Washington Redskins
0%
NFC Special Teamer Lorenzo Alexander Washington Redskins
0%
AFC Fullback Marcel Reece Oakland Raiders
0%
AFC Offensive Guard Marshal Yanda Baltimore Ravens
0%
NFC Running Back Marshawn Lynch Seattle Seahawks
0%
AFC Special Teamer Matthew Slater New England Patriots
0%
NFC Offensive Tackle Matt Kalil Minnesota Vikings
0%
NFC Quarterback Matt Ryan Atlanta Falcons
0%
AFC Quarterback Matt Schaub Houston Texans
0%
AFC Center Maurkice Pouncey Pittsburgh Steelers
0%
NFC Center Max Unger Seattle Seahawks
0%
NFC Offensive Guard Mike Iupati San Francisco 49ers
0%
NFC Linebacker NaVorro Bowman San Francisco 49ers
0%
NFC Defensive Tackle Ndamukong Suh Detroit Lions
0%
AFC Tight End Owen Daniels Houston Texans
0%
NFC Cornerback Patrick Peterson Arizona Cardinals
0%
NFC Linebacker Patrick Willis San Francisco 49ers
0%
AFC Kicker Phil Dawson Cleveland Browns
0%
AFC Defensive Tackle Randy Starks Miami Dolphins
0%
AFC Running Back Ray Rice Baltimore Ravens
0%
AFC Wide Receiver Reggie Wayne Indianapolis Colts
0%
AFC Offensive Guard Richie Incognito Miami Dolphins
0%
NFC Quarterback Robert Griffin III Washington Redskins
0%
AFC Linebacker Robert Mathis Indianapolis Colts
0%
AFC Tight End Rob Gronkowski New England Patriots
0%
NFC Offensive Tackle Russell Okung Seattle Seahawks
0%
NFC Quarterback Russell Wilson Seattle Seahawks
0%
AFC Offensive Tackle Ryan Clady Denver Broncos
0%
NFC Linebacker Ryan Kerrigan Washington Redskins
0%
AFC Linebacker Tamba Hali Kansas City Chiefs
0%
NFC Safety Thomas DeCoud Atlanta Falcons
0%
NFC Punter Thomas Morstead New Orleans Saints
0%
NFC Cornerback Tim Jennings Chicago Bears
0%
NFC Tight End Tony Gonzalez Atlanta Falcons
0%
NFC Offensive Tackle Trent Williams Washington Redskins
0%
NFC Wide Receiver Victor Cruz New York Giants
0%
NFC Wide Receiver Vincent Jackson Tampa Bay Buccaneers
0%
AFC Defensive Tackle Vince Wilfork New England Patriots
0%
AFC Fullback Vonta Leach Baltimore Ravens
0%
AFC Offensive Guard Wade Smith Houston Texans
0%
AFC Wide Receiver Wes Welker New England Patriots
0%
NFC Safety William Moore Atlanta Falcons
0%
AFC Offensive Guard Zane Beadles Denver Broncos
0%
No matching quizzes found
Score Distribution
Percent of People with Each Score
Percentile by Number Answered
Your Score History
You have not taken this quiz